| 000 | 02017nam a22004331i 4500 | ||
|---|---|---|---|
| 001 | ebr10811224 | ||
| 003 | CaPaEBR | ||
| 006 | m o d | ||
| 007 | cr cn||||||||| | ||
| 008 | 130821t20132013nyu ob 001 0 eng d | ||
| 020 | _a9781626181045 (e-book) | ||
| 020 | _z9781626181038 | ||
| 040 |
_aCaPaEBR _beng _erda _epn _cCaPaEBR |
||
| 035 | _a(OCoLC)868918233 | ||
| 043 | _an-us--- | ||
| 050 | 1 | 4 |
_aHD1694.A5 _bN38 2013eb |
| 082 | 0 | 4 |
_a363.610973 _223 |
| 245 | 0 | 0 |
_aNational water sustainability : _bthe WaterSmart program / _cWilliam Owens, editor. |
| 246 | 3 | 0 | _aWaterSmart program |
| 264 | 1 |
_aNew York, New York : _bNova Science Publishers, _c[2013] |
|
| 264 | 4 | _c�2013 | |
| 300 |
_a1 online resource (136 pages) : _billustrations, maps. |
||
| 336 |
_atext _2rdacontent |
||
| 337 |
_acomputer _2rdamedia |
||
| 338 |
_aonline resource _2rdacarrier |
||
| 490 | 1 | _aWater resource planning, development and management | |
| 504 | _aIncludes bibliographical references and index. | ||
| 588 | _aDescription based on print version record. | ||
| 590 | _aElectronic reproduction. Palo Alto, Calif. : ebrary, 2014. Available via World Wide Web. Access may be limited to ebrary affiliated libraries. | ||
| 650 | 0 |
_aWater conservation _xGovernment policy _zUnited States. |
|
| 650 | 0 |
_aWater resources development _xGovernment policy _zUnited States. |
|
| 650 | 0 |
_aWater-supply _xManagement _xGovernment policy _zUnited States. |
|
| 655 | 0 | _aElectronic books. | |
| 700 | 1 | _aOwens, William. | |
| 776 | 0 | 8 |
_iPrint version: _tNational water sustainability : the WaterSmart program. _dNew York, New York : Nova Science Publishers, 2013 _hviii, 126 pages : illustrations, maps ; 23 cm. _kWater resource planning, development and management _z9781626181038 _w(DLC) 2012361256 |
| 797 | 2 | _aebrary. | |
| 830 | 0 | _aWater resource planning, development and management series. | |
| 856 | 4 | 0 |
_uhttp://site.ebrary.com/lib/rucke/Doc?id=10811224 _zAn electronic book accessible through the World Wide Web; click to view |
| 999 |
_c148439 _d148439 |
||